Miscellaneus works of the Late Philip Dormer Stanhope, Earl of Chesterfield: Consisting of Letters to his friends, never before printed and various other articles, to wich are prefixer, memoirs of his life tending to illustrate the civil, literary and political History of his time. By M. Maty, M.D., Late Principal Librarian of the British Museum, and Secretary to the Royal Society. The second edition, in four volumes. With an Appendix, containing sixteen characters of great personages and letters written by the same Noble Earl. Volume the first{the second, the third, the fourth}

Պահպանված է:
Մատենագիտական մանրամասներ
Հիմնական հեղինակ: Chesterfield, Philip Dormer Stanhope, Earl of (Հեղինակ)
Ձևաչափ: Գիրք
Լեզու:անգլերեն
Հրապարակվել է: Londres Edward and Charles Dilly, In the Poultry 1779
Հրատարակություն:1a. ed
Խորագրեր:
Ցուցիչներ: Ավելացրեք ցուցիչ
Չկան պիտակներ, Եղեք առաջինը, ով նշում է այս գրառումը!

MARC

LEADER 00000nam a2200000 a 4500
001 UCJ5890
003 CL-VaPUC
008 070124e17790000UK |||||||||||||||||eng|d
082 0 4 |a 923  |b CHE  |2 21 
100 |a Chesterfield, Philip Dormer Stanhope, Earl of  |e author  |9 327699 
245 1 0 |a Miscellaneus works of the Late Philip Dormer Stanhope, Earl of Chesterfield: Consisting of Letters to his friends, never before printed and various other articles, to wich are prefixer, memoirs of his life tending to illustrate the civil, literary and political History of his time. By M. Maty, M.D., Late Principal Librarian of the British Museum, and Secretary to the Royal Society. The second edition, in four volumes. With an Appendix, containing sixteen characters of great personages and letters written by the same Noble Earl. Volume the first{the second, the third, the fourth} 
250 |a 1a. ed 
300 |a 4 v 
942 |c BK 
945 |d 20070124 00:00:00  |a rinostro 
260 |a Londres  |b Edward and Charles Dilly, In the Poultry  |c 1779 
500 |a Front. v.1, grabado reproduciendo medalla con perfil del Conde de Chesterfield; Ex libris, (Armas), y firma de Alejandro Caldcleugh, súbdito inglés, autor del libro Viajes a la América Meridional... disponible en esta Biblioteca.- Caldcleugh se estableció en Valparaíso y sus huesos descansan en el Cementerio de Disidentes porteño.- En biblioteca sólo vs. I y IV 
600 0 7 |a HALIFAX, GERTRUDE MARCHIONESS OF  |2 CL-VaPUC  |9 511797 
600 0 7 |a SLINGELAND, SIMON VAN  |2 CL-VaPUC  |9 511798 
600 0 7 |a CHENEVIX, RICHARD  |2 CL-VaPUC  |9 511799 
600 0 7 |a CALDCLEUGH, ALEJANDRO  |2 CL-VaPUC  |9 511800 
650 0 |a Diplomacia  |9 256483 
650 0 |a Correspondencia  |9 258963 
650 0 |a Oratoria  |9 307605 
650 0 |a Iconografía   |9 267998 
650 0 |a Grabados  |9 310822 
650 7 |a DOCUMENTOS  |2 CL-VaPUC  |9 366450 
650 7 |a DIARIO  |2 CL-VaPUC  |9 441581 
650 7 |a BIOGRAFIA  |2 CL-VaPUC  |9 504622 
650 7 |a MEMORIAS  |2 CL-VaPUC  |9 269159 
650 7 |a EX LIBRIS  |2 CL-VaPUC  |9 505186 
650 7 |a HERALDICA  |2 CL-VaPUC  |9 388228 
650 0 |a Autógrafos   |9 446110 
583 |a last modification  |c 20070124 00:00:00  |k Rodrigo Vera 
999 |c 321998  |d 321996 
952 |0 0  |1 0  |4 0  |6 923_000000000000000_CHE_1779  |7 0  |8 X  |9 400902  |a FDOBUD  |b FDOBUD  |d 2019-11-22  |h v.1  |i 1041339  |o 923 CHE 1779  |p 1041339  |r 2019-11-22  |w 2019-11-22  |y BK_X  |k BUD 
952 |0 0  |1 0  |4 0  |6 923_000000000000000_CHE_1779  |7 0  |8 X  |9 400903  |a FDOBUD  |b FDOBUD  |d 2019-11-22  |h v.4  |i 1041347  |o 923 CHE 1779  |p 1041347  |r 2019-11-22  |w 2019-11-22  |y BK_X  |k BUD